[Event "Maria Albulet Memorial 2017"]
[Site "Braila"]
[Date "2017.10.08"]
[Round "2"]
[White "Uzuneanu, Gabriela"]
[Black "Popa, Catalina-Elena"]
[Result "1-0"]
[WhiteElo "1564"]
[BlackElo "1731"]
[Annotator "NA"]
[PlyCount "79"]
[EventDate "2017.??.??"]
[EventCountry "ROU"]
[SourceTitle "playchess.com"]
[Source "ChessBase"]
[SourceQuality "1"]
[TimeControl "40/5400+30:900+30"]

1. e4 {[%emt 0:00:00]} c5 {[%emt 0:00:03]} 2. f4 {[%emt 0:00:00]} Nc6 {[%emt 0:00:05]} 3. Nf3 {[%emt 0:00:00]} g6 {[%emt 0:00:09]} 4. g3 {[%emt 0:00:00]} Bg7 {[%emt 0:00:07]} 5. Bg2 {[%emt 0:00:00]} d6 {[%emt 0:00:07]} 6. d3 {[%emt 0:00:11]} e6 {[%emt 0:00:08]} 7. Nc3 {[%emt 0:01:20]} Nge7 {[%emt 0:00:06]} 8. Bd2 {[%emt 0:00:20]} O-O {[%emt 0:00:24]} 9. O-O {[%emt 0:02:24]} b6 {[%emt 0:00:23]} 10. Rb1 {[%emt 0:08:53]} Nd4 {[%emt 0:01:41]} 11. Ne2 {[%emt 0:07:47]} Nxf3+ {[%emt 0:01:25]} 12. Bxf3 {[%emt 0:00:06]} Bb7 {[%emt 0:00:12]} 13. Bc3 {[%emt 0:06:12]} f5 {[%emt 0:14:32]} 14. Bxg7 {[%emt 0:05:36]} Kxg7 {[%emt 0:00:02]} 15. Nc3 {[%emt 0:03:37]} Qd7 {[%emt 0:04:18]} 16. d4 {[%emt 0:21:08]} fxe4 {[%emt 0:04:36]} 17. Nxe4 {[%emt 0:00:22]} d5 {[%emt 0:00:16]} 18. dxc5 {[%emt 0:01:02]} Qc7 {[%emt 0:16:40]} 19. cxb6 {[%emt 0:17:32]} Qxb6+ {[%emt 0:00:07]} 20. Nf2 {[%emt 0:00:02]} Nf5 {[%emt 0:00:57]} 21. Re1 {[%emt 0:03:02]} Kf7 {[%emt 0:06:44]} 22. Qd2 {[%emt 0:07:42]} Rac8 {[%emt 0:01:49]} 23. c3 {[%emt 0:01:20]} Rc7 {[%emt 0:07:29]} 24. Bh1 {[%emt 0:06:53]} Rfc8 {[%emt 0:05:16]} 25. g4 {[%emt 0:01:07]} Ng7 {[%emt 0:12:57]} 26. Qe3 {[%emt 0:02:22]} Qxe3 {[%emt 0:00:56]} 27. Rxe3 {[%emt 0:00:04]} d4 {[%emt 0:00:51]} 28. cxd4 {[%emt 0:00:40]} Rc1+ {[%emt 0:00:04]} 29. Re1 {[%emt 0:00:02]} Rxe1+ {[%emt 0:00:46]} 30. Rxe1 {[%emt 0:00:06]} Bxh1 {[%emt 0:00:06]} 31. Kxh1 {[%emt 0:00:19]} Rc2 {[%emt 0:00:10]} 32. Nd3 {[%emt 0:00:42]} Rd2 {[%emt 0:00:42]} 33. Re3 {[%emt 0:01:52]} h5 {[%emt 0:00:23]} 34. Ne5+ {[%emt 0:00:18]} Kf6 {[%emt 0:00:19]} 35. g5+ {[%emt 0:00:22]} Kf5 {[%emt 0:01:10]} 36. Nd3 {[%emt 0:00:17]} Kg4 {[%emt 0:01:08]} 37. h3+ {[%emt 0:00:07]} Kh4 {[%emt 0:00:54]} 38. Ne5 {[%emt 0:00:13]} Rd1+ {[%emt 0:00:25]} 39. Kg2 {[%emt 0:00:03]} Rd2+ {[%emt 0:00:28]} 40. Kf1 {[%emt 0:00:00]} 1-0

[Event "Maria Albulet Memorial 2017"]
[Site "Braila"]
[Date "2017.10.08"]
[Round "2"]
[White "Coman, Ana-Cristina"]
[Black "Andres, Marina-Corina"]
[Result "0-1"]
[WhiteElo "1454"]
[BlackElo "1581"]
[Annotator "NA"]
[PlyCount "142"]
[EventDate "2017.??.??"]
[EventCountry "ROU"]
[SourceTitle "playchess.com"]
[Source "ChessBase"]
[SourceQuality "1"]
[TimeControl "40/5400+30:900+30"]

1. d4 {[%emt 0:00:00]} Nf6 {[%emt 0:04:09]} 2. Nf3 {[%emt 0:00:00]} c5 {[%emt 0:00:44]} 3. e3 {[%emt 0:00:00]} cxd4 {[%emt 0:00:09]} 4. exd4 {[%emt 0:00:00]} d5 {[%emt 0:00:19]} 5. Bd3 {[%emt 0:00:49]} Bg4 {[%emt 0:00:29]} 6. Nbd2 {[%emt 0:01:40]} e6 {[%emt 0:01:29]} 7. O-O {[%emt 0:05:42]} Bd6 {[%emt 0:01:04]} 8. c3 {[%emt 0:05:25]} O-O {[%emt 0:01:03]} 9. Qc2 {[%emt 0:02:20]} Nc6 {[%emt 0:03:48]} 10. Re1 {[%emt 0:06:19]} Rc8 {[%emt 0:02:42]} 11. a3 {[%emt 0:05:47]} a6 {[%emt 0:05:37]} 12. b3 {[%emt 0:09:35]} Qc7 {[%emt 0:28:22]} 13. h3 {[%emt 0:07:47]} Bf5 {[%emt 0:08:37]} 14. Bxf5 {[%emt 0:07:36]} exf5 {[%emt 0:00:09]} 15. Bb2 {[%emt 0:00:44]} Ne4 {[%emt 0:03:19]} 16. c4 {[%emt 0:07:45]} Ne7 {[%emt 0:10:15]} 17. Qd3 {[%emt 0:18:34]} Nxd2 {[%emt 0:07:24]} 18. Nxd2 {[%emt 0:00:21]} Qd7 {[%emt 0:02:14]} 19. Re2 {[%emt 0:02:44]} dxc4 {[%emt 0:05:33]} 20. bxc4 {[%emt 0:01:01]} Ng6 {[%emt 0:02:01]} 21. d5 {[%emt 0:05:37]} Nf4 {[%emt 0:02:19]} 22. Qf3 {[%emt 0:01:08]} Nxe2+ {[%emt 0:00:47]} 23. Qxe2 {[%emt 0:00:03]} Rfe8 {[%emt 0:01:05]} 24. Qd3 {[%emt 0:01:10]} Be5 {[%emt 0:01:15]} 25. Bxe5 {[%emt 0:00:48]} Rxe5 {[%emt 0:00:08]} 26. Nf3 {[%emt 0:00:13]} Re4 {[%emt 0:02:22]} 27. Nd2 {[%emt 0:01:13]} Re7 {[%emt 0:00:23]} 28. Rc1 {[%emt 0:00:58]} Rce8 {[%emt 0:00:38]} 29. Nf3 {[%emt 0:00:31]} Rd8 {[%emt 0:01:07]} 30. Nd4 {[%emt 0:04:06]} g6 {[%emt 0:01:53]} 31. Nb3 {[%emt 0:00:52]} Rde8 {[%emt 0:00:50]} 32. Qc3 {[%emt 0:01:49]} Qd6 {[%emt 0:01:03]} 33. Na5 {[%emt 0:00:56]} Rc8 {[%emt 0:01:32]} 34. Qb3 {[%emt 0:01:01]} Qc7 {[%emt 0:01:14]} 35. Qb4 {[%emt 0:01:29]} Re4 {[%emt 0:00:34]} 36. Qc3 {[%emt 0:01:17]} Qc5 {[%emt 0:00:54]} 37. Nxb7 {[%emt 0:00:37]} Qxc4 {[%emt 0:00:21]} 38. Qxc4 {[%emt 0:00:24]} Rexc4 {[%emt 0:00:11]} 39. Rd1 {[%emt 0:00:32]} Rc1 {[%emt 0:00:28]} 40. Rxc1 {[%emt 0:00:00]} Rxc1+ {[%emt 0:00:02]} 41. Kh2 {[%emt 0:00:10]} Rc7 {[%emt 0:01:11]} 42. Na5 {[%emt 0:01:56]} Rc5 {[%emt 0:02:19]} 43. Nc6 {[%emt 0:00:10]} Kf8 {[%emt 0:01:24]} 44. Nb8 {[%emt 0:04:33]} Ra5 {[%emt 0:00:50]} 45. d6 {[%emt 0:01:07]} Rxa3 {[%emt 0:01:08]} 46. Nd7+ {[%emt 0:00:30]} Ke8 {[%emt 0:00:57]} 47. Nf6+ {[%emt 0:02:01]} Kd8 {[%emt 0:00:21]} 48. Nxh7 {[%emt 0:00:28]} Kd7 {[%emt 0:00:12]} 49. Ng5 {[%emt 0:00:06]} f6 {[%emt 0:00:55]} 50. Nh7 {[%emt 0:00:41]} Kxd6 {[%emt 0:00:16]} 51. Nxf6 {[%emt 0:00:06]} a5 {[%emt 0:00:30]} 52. h4 {[%emt 0:01:10]} a4 {[%emt 0:00:13]} 53. Nh7 {[%emt 0:00:06]} Rb3 {[%emt 0:00:43]} 54. Nf8 {[%emt 0:00:10]} a3 {[%emt 0:00:30]} 55. Nxg6 {[%emt 0:00:21]} a2 {[%emt 0:00:08]} 56. h5 {[%emt 0:00:08]} a1=Q {[%emt 0:00:11]} 57. h6 {[%emt 0:00:15]} Rb8 {[%emt 0:00:20]} 58. h7 {[%emt 0:00:51]} Rh8 {[%emt 0:00:17]} 59. Nxh8 {[%emt 0:00:06]} Qxh8 {[%emt 0:00:04]} 60. Kg3 {[%emt 0:00:18]} Qxh7 {[%emt 0:00:10]} 61. Kf4 {[%emt 0:00:10]} Ke6 {[%emt 0:00:18]} 62. g4 {[%emt 0:00:21]} fxg4 {[%emt 0:00:08]} 63. Kxg4 {[%emt 0:00:07]} Qf5+ {[%emt 0:00:11]} 64. Kg3 {[%emt 0:00:04]} Ke5 {[%emt 0:00:12]} 65. f3 {[%emt 0:00:15]} Qf4+ {[%emt 0:00:07]} 66. Kg2 {[%emt 0:00:05]} Kd4 {[%emt 0:00:02]} 67. Kh1 {[%emt 0:00:00]} Ke3 {[%emt 0:00:13]} 68. Kg2 {[%emt 0:00:05]} Qxf3+ {[%emt 0:00:08]} 69. Kg1 {[%emt 0:00:16]} Qe2 {[%emt 0:00:26]} 70. Kh1 {[%emt 0:00:02]} Kf3 {[%emt 0:00:13]} 71. Kg1 {[%emt 0:00:02]} Qg2# {[%emt 0:00:06]} 0-1

[Event "Maria Albulet Memorial 2017"]
[Site "Braila"]
[Date "2017.10.09"]
[Round "3"]
[White "Bulmaga, Irina"]
[Black "Miladinovic, Lena"]
[Result "1-0"]
[WhiteElo "2423"]
[BlackElo "2138"]
[Annotator "TA"]
[PlyCount "53"]
[EventDate "2017.??.??"]
[EventCountry "ROU"]
[SourceTitle "playchess.com"]
[Source "ChessBase"]
[SourceQuality "1"]

{[%evp 36,53,32,30,199,210,200,211,245,240,229,233,466,322,442,445,457,451,807,799]} 1. e4 c5 2. Nf3 e6 3. d4 cxd4 4. Nxd4 Nc6 5. Nc3 Qc7 6. Be3 a6 7. Be2 Nf6 8. O-O Be7 9. f4 d6 10. Kh1 O-O 11. Qe1 Nxd4 12. Bxd4 b5 13. Qg3 Bb7 14. a3 Rad8 15. Rae1 {B85: Sicilian Scheveningen: 6 Be2 a6, lines with early Be3} Rd7 16. Bd3 Re8 17. a4 b4 18. Na2 a5 19. c3 {[%cal Bc2c3,Bc3b4][%mdl 32] [#] LiveBook: 5 Games} Bd8 $146 {[#]} (19... bxc3 $11 {and Black is okay.} 20. Nxc3 Rc8) ({Predecessor:} 19... bxc3 20. Nxc3 Bc6 21. Nd5 Qd8 22. Rc1 exd5 23. Rxc6 dxe4 24. Bxe4 {1-0 (60) Almasi,Z (2700)-Bulski,K (2532) Germany 2016}) 20. cxb4 $18 e5 21. Bc3 Nh5 22. Qg4 Nf6 23. Qh3 exf4 $2 {[#]} (23... axb4 24. Nxb4 Re6 25. fxe5 dxe5) 24. Bb5 Bc8 25. Bxf6 {White is clearly winning.} Bxf6 26. Rc1 Qb8 (26... Qa7 $142 27. Rxc8 (27. Rxf4 Rdd8 $14) 27... Rxc8) 27. Bxd7 1-0

[Event "Maria Albulet Memorial 2017"]
[Site "Braila"]
[Date "2017.10.09"]
[Round "3"]
[White "Petrenko, Svetlana"]
[Black "Rakhmangulova, Anastasiya"]
[Result "0-1"]
[WhiteElo "2140"]
[BlackElo "2242"]
[Annotator "ChessBase"]
[PlyCount "102"]
[EventDate "2017.??.??"]
[EventCountry "ROU"]
[SourceTitle "playchess.com"]
[Source "ChessBase"]
[SourceQuality "1"]
[TimeControl "40/5400+30:900+30"]

1. d4 {[%emt 0:00:00]} Nf6 {[%emt 0:00:08]} 2. c4 {[%emt 0:00:00]} c5 {[%emt 0:00:08]} 3. d5 {[%emt 0:00:07]} b5 {[%emt 0:00:07]} 4. cxb5 {[%emt 0:00:29]} a6 {[%emt 0:00:05]} 5. bxa6 {[%emt 0:00:10]} Bxa6 {[%emt 0:00:07]} 6. Nc3 {[%emt 0:00:35]} d6 {[%emt 0:00:09]} 7. g3 {[%emt 0:01:09]} g6 {[%emt 0:00:08]} 8. Bg2 {[%emt 0:00:07]} Bg7 {[%emt 0:00:07]} 9. Nf3 {[%emt 0:00:35]} O-O {[%emt 0:00:09]} 10. O-O {[%emt 0:00:05]} Nbd7 {[%emt 0:00:05]} 11. Qc2 {[%emt 0:03:34]} Qa5 {[%emt 0:00:25]} 12. Rd1 {[%emt 0:06:51]} Rfb8 {[%emt 0:00:42]} 13. Bd2 {[%emt 0:01:16]} Ng4 {[%emt 0:00:54]} 14. h3 {[%emt 0:05:00]} Nge5 {[%emt 0:00:41]} 15. Nxe5 {[%emt 0:02:04]} Nxe5 {[%emt 0:00:10]} 16. b3 {[%emt 0:00:33]} c4 {[%emt 0:16:26]} 17. f4 {[%emt 0:03:28]} Qc5+ {[%emt 0:11:15]} 18. Kh2 {[%emt 0:00:41]} cxb3 {[%emt 0:01:08]} 19. axb3 {[%emt 0:00:08]} Bxe2 {[%emt 0:03:25]} 20. Rxa8 {[%emt 0:23:05]} Rxa8 {[%emt 0:00:07]} 21. fxe5 {[%emt 0:00:05]} Bxd1 {[%emt 0:00:15]} 22. Qxd1 {[%emt 0:00:03]} Bxe5 {[%emt 0:00:17]} 23. Ne4 {[%emt 0:05:19]} Qb6 {[%emt 0:20:49]} 24. Bc3 {[%emt 0:06:28]} Bxc3 {[%emt 0:10:05]} 25. Nxc3 {[%emt 0:00:02]} Ra3 {[%emt 0:03:38]} 26. Ne4 {[%emt 0:06:37]} Rxb3 {[%emt 0:01:57]} 27. Qc2 {[%emt 0:03:04]} Qe3 {[%emt 0:06:42]} 28. Qc8+ {[%emt 0:03:21]} Kg7 {[%emt 0:00:07]} 29. Qc7 {[%emt 0:02:51]} Rb2 {[%emt 0:02:39]} 30. Qc3+ {[%emt 0:05:32]} Qxc3 {[%emt 0:00:02]} 31. Nxc3 {[%emt 0:00:01]} e6 {[%emt 0:06:16]} 32. Nd1 {[%emt 0:05:13]} Rd2 {[%emt 0:01:45]} 33. Ne3 {[%emt 0:03:50]} Re2 {[%emt 0:00:18]} 34. Nd1 {[%emt 0:00:41]} Kf6 {[%emt 0:05:22]} 35. Nc3 {[%emt 0:00:51]} Rc2 {[%emt 0:00:13]} 36. Ne4+ {[%emt 0:00:31]} Ke7 {[%emt 0:02:53]} 37. dxe6 {[%emt 0:03:40]} fxe6 {[%emt 0:00:17]} 38. Kg1 {[%emt 0:00:05]} d5 {[%emt 0:00:56]} 39. Ng5 {[%emt 0:00:54]} h6 {[%emt 0:02:02]} 40. Nf3 {[%emt 0:00:00]} Kd6 {[%emt 0:00:18]} 41. Ne1 {[%emt 0:00:58]} Ra2 {[%emt 0:01:36]} 42. g4 {[%emt 0:14:26]} e5 {[%emt 0:01:25]} 43. Nd3 {[%emt 0:01:46]} e4 {[%emt 0:01:30]} 44. Nf4 {[%emt 0:01:33]} g5 {[%emt 0:01:40]} 45. Nh5 {[%emt 0:00:01]} Ke5 {[%emt 0:01:11]} 46. Ng3 {[%emt 0:01:19]} d4 {[%emt 0:04:20]} 47. Nf5 {[%emt 0:03:02]} d3 {[%emt 0:01:05]} 48. Bf1 {[%emt 0:01:44]} Kf4 {[%emt 0:06:43]} 49. Nd4 {[%emt 0:03:05]} d2 {[%emt 0:00:10]} 50. Ne2+ {[%emt 0:00:42]} Ke3 {[%emt 0:00:35]} 51. Nc3 {[%emt 0:00:03]} Ra1 {[%emt 0:00:12]} 0-1

[Event "Maria Albulet Memorial 2017"]
[Site "Braila"]
[Date "2017.10.09"]
[Round "3"]
[White "Makropoulou, Marina"]
[Black "Didiliuc, Dariana-Gabriela"]
[Result "1-0"]
[WhiteElo "2136"]
[BlackElo "1779"]
[Annotator "NA"]
[PlyCount "79"]
[EventDate "2017.??.??"]
[EventCountry "ROU"]
[SourceTitle "playchess.com"]
[Source "ChessBase"]
[SourceQuality "1"]
[TimeControl "40/5400+30:900+30"]

1. e4 {[%emt 0:00:00]} c5 {[%emt 0:02:52]} 2. Nf3 {[%emt 0:00:00]} Nc6 {[%emt 0:00:12]} 3. Bb5 {[%emt 0:00:00]} d6 {[%emt 0:00:21]} 4. O-O {[%emt 0:00:41]} Nf6 {[%emt 0:00:25]} 5. Re1 {[%emt 0:01:08]} a6 {[%emt 0:01:19]} 6. Bxc6+ $1 {[%emt 0:01:18] LiveBook: 3 Games} bxc6 {[%emt 0:00:10]} 7. e5 {[%emt 0:00:10]} Nd5 {[%emt 0:07:40]} 8. exd6 {[%emt 0:01:00]} e6 {[%emt 0:01:17]} 9. Na3 {[%emt 0:02:46]} Bxd6 {[%emt 0:02:04]} 10. Nc4 {[%emt 0:00:40]} Bb8 {[%emt 0:02:33]} 11. b3 {[%emt 0:01:59]} O-O {[%emt 0:01:46]} 12. Ba3 {[%emt 0:02:25]} Ba7 {[%emt 0:01:47]} 13. d4 $16 {[%emt 0:06:07]} Qe7 {[%emt 0:03:51]} 14. Nfe5 {[%emt 0:06:37]} Bb7 {[%emt 0:04:33]} 15. dxc5 {[%emt 0:07:42]} Rfd8 {[%emt 0:03:26]} 16. Qf3 {[%emt 0:02:17]} f6 {[%emt 0:04:35]} 17. Nd3 {[%emt 0:00:11]} e5 {[%emt 0:00:55]} 18. Nd6 {[%emt 0:03:12]} Rab8 {[%emt 0:00:53]} 19. h3 {[%emt 0:18:05]} Ba8 {[%emt 0:03:01]} 20. Qg4 {[%emt 0:09:24]} Nc7 {[%emt 0:05:44]} 21. Qc4+ {[%emt 0:03:42]} Kf8 {[%emt 0:00:15]} 22. Qh4 {[%emt 0:01:28]} g5 {[%emt 0:04:27]} 23. Qc4 {[%emt 0:07:33]} Nb5 {[%emt 0:00:47]} 24. Bb4 {[%emt 0:01:32]} Nxd6 {[%emt 0:01:35]} 25. cxd6 {[%emt 0:00:06]} Qb7 {[%emt 0:00:13]} 26. Bc5 {[%emt 0:02:27]} Kg7 {[%emt 0:04:04]} 27. b4 {[%emt 0:00:20]} Rbc8 {[%emt 0:06:14]} 28. Rad1 {[%emt 0:01:37]} Bb8 {[%emt 0:04:56]} 29. Nb2 {[%emt 0:06:17]} Rd7 {[%emt 0:08:49]} 30. Qg4 {[%emt 0:00:34]} Rcd8 {[%emt 0:01:49]} 31. Nc4 {[%emt 0:00:57]} h6 {[%emt 0:01:42]} 32. h4 {[%emt 0:00:25]} h5 {[%emt 0:01:54]} 33. Qe4 {[%emt 0:00:38]} gxh4 {[%emt 0:02:24]} 34. Qxh4 {[%emt 0:01:09]} Rh8 {[%emt 0:01:20]} 35. Re3 {[%emt 0:00:22]} Rh6 {[%emt 0:00:52]} 36. Rg3+ {[%emt 0:00:52]} Kh7 {[%emt 0:00:13]} 37. Ne3 {[%emt 0:03:09]} Qc8 {[%emt 0:01:06]} 38. Nf5 {[%emt 0:02:17]} Qf8 {[%emt 0:00:07]} 39. Nxh6 {[%emt 0:01:09]} Qxh6 {[%emt 0:00:12]} 40. Be3 {[%emt 0:00:00]} 1-0

[Event "Maria Albulet Memorial 2017"]
[Site "Braila"]
[Date "2017.10.09"]
[Round "3"]
[White "Djukic, Sandra"]
[Black "Doluhanova, Evgeniya"]
[Result "0-1"]
[WhiteElo "2084"]
[BlackElo "2328"]
[Annotator "TA"]
[PlyCount "216"]
[EventDate "2017.??.??"]
[EventCountry "ROU"]
[SourceTitle "playchess.com"]
[Source "ChessBase"]
[SourceQuality "1"]

{[%evp 16,216,20,20,13,24,17,13,26,26,49,21,20,7,7,5,18,0,0,0,11,7,10,7,16,9,10,4,14,0,0,-8,7,5,11,0,0,0,2,0,0,-10,-10,-10,-10,-10,-10,-10,-10,-58,-14,-11,-10,-35,-35,-35,-35,-35,-38,-56,-52,-23,0,0,0,0,0,0,0,0,0,0,0,0,0,0,0,0,0,-8,-8,-23,-23,-23,-23,-71,-72,-90,-61,-147,-147,-147,-147,-233,-90,-90,-90,-90,-90,-90,-90,-90,-90,-90,-90,-90,-90,-90,-90,-90,-90,-90,-90,-90,-90,-90,-90,-90,-29,-90,-90,-471,-471,-406,-350,-488,-444,-592,-354,-339,-332,-332,-325,-331,-295,-325,-325,-604,-559,-2417,-607,-1584,-1497,-2322,-1793,-11726,-7023,-10862,-8630,-5102,-5771,-29963,-29966,-29967,-5102,-6637,-6203,-29973,-29977,-29972,-29967,-29962,-29959,-29965,-29969,-29976,-29976,-29977,-29978,-29976,-29977,-29982,-29982,-29987,-29985,-29985,-29986,-29985,-29976,-29976,-29975,-29980,-29979,-29979,-29974,-29984,-29985,-29986,-29985,-29987,-29979,-29988,-29989,-29989,-29990,-29990,-29991,-29991,-29992,-29992,-29992,-29992,-29989]} 1. d4 Nf6 2. c4 e6 3. Nc3 Bb4 4. Nf3 O-O 5. Bg5 h6 6. Bh4 c5 7. Rc1 {E21: Nimzoindisch (4.Sf3)} cxd4 8. Nxd4 Nc6 (8... d5 9. e3 e5 10. Nb3 g5 11. Bg3 Nc6 12. a3 Bxc3+ 13. bxc3 dxc4 14. Qxd8 Rxd8 15. Bxc4 {½-½ (46) Li,C (2746)-Giri,A (2755) Moscow 2016}) 9. e3 {LiveBook: 20 Partien. Die Stellung ist ausgeglichen.} Nxd4 10. Qxd4 b6 11. Be2 Bb7 $146 ({Vorgänger:} 11... Bc5 12. Bxf6 Bxd4 13. Bxd8 Bxc3+ 14. Rxc3 Rxd8 {½-½ (41) De Carlos Arregui,I (2392)-Learte Pastor,T (2371) ICCF email 2009}) 12. O-O Bc5 13. Qd1 (13. Qd3 {is more complex.} Be7 14. Rfd1 d5 15. Bf3 Ba6 16. Nb5) 13... Rc8 14. Bf3 Bxf3 15. Qxf3 Be7 16. Nb5 a6 17. Nd4 Qc7 18. Rc2 Qa7 19. b3 Qa8 (19... g5 {feels hotter.} 20. Bg3 Qa8 21. Qxa8 Rxa8 22. Bc7 Bc5) 20. Qxa8 Rxa8 21. Bxf6 Bxf6 22. Rd1 Rfc8 23. Rcd2 Ra7 24. g3 Kf8 25. Kg2 Ke7 26. a4 Rc5 27. e4 g5 28. f4 (28. Ra2 {is interesting.} d6 29. Ne2 Rcc7 30. Rc1 Ra8 31. Rd1) 28... gxf4 29. gxf4 Bxd4 30. Rxd4 $11 {[%mdl 4096] Endspiel KTT-KTT} b5 31. cxb5 axb5 32. e5 Rc2+ 33. Kg3 Rc3+ 34. R1d3 Rxd3+ 35. Rxd3 bxa4 36. bxa4 Rxa4 $15 {KT-KT} 37. Kg4 Ra2 38. h3 Rf2 39. Rd4 Rh2 40. h4 Rh1 41. Kh5 Rh2 42. Rd3 Rf2 43. Rd4 Rh2 44. Rd3 Rg2 45. Rd4 Rg6 46. Ra4 d5 47. exd6+ Kxd6 48. Rd4+ Ke7 49. Ra4 Kf6 50. Ra5 Rg8 51. Rb5 Rd8 52. Rb7 (52. Rb2 $15) 52... Kg7 $17 53. Kg4 Rd4 54. Rb5 {[#]} (54. h5 $17) 54... Kg6 (54... Rd5 $1 $19 {ist viel giftiger.} 55. Rb3 Kg6) 55. h5+ Kf6 56. Ra5 Rd3 57. Ra7 Rd1 58. Rb7 Rd4 59. Kg3 Kg7 60. Ra7 Rd1 61. Kg4 Rg1+ 62. Kf3 Kf6 63. Rb7 Rg8 64. Ra7 Rd8 65. Rb7 Kg7 66. Ra7 Kg8 (66... Rd3+ $17 67. Kg4 Rd4) 67. Rb7 (67. f5 $1 $11 {bleibt in der Remisbreite.}) 67... Rd3+ 68. Ke4 $2 {[%mdl 8192]} (68. Kg4 $17 {war die entscheidende Verteidigung.}) 68... Rd5 $19 69. Rb3 Rxh5 70. Rb7 Kg7 71. Ra7 Kf6 72. Ra8 Rh4 73. Kf3 Kg6 74. Ra7 f6 75. Ra5 Rh3+ 76. Kg2 $2 (76. Kg4 Rc3 77. f5+ exf5+ 78. Kf4) 76... Rd3 77. f5+ exf5 78. Ra8 Kg5 79. Rg8+ Kf4 80. Rh8 Rd2+ 81. Kg1 Kg3 {[%cal Rd2d1] [#]} 82. Rg8+ Kf3 83. Rh8 Rg2+ 84. Kf1 Rh2 (84... Rg6 $142 85. Rd8 h5 86. Rd5 Kg4 87. Rd1 f4 88. Kf2 h4 89. Rg1+ Kf5 90. Rh1 Rh6 91. Kg1 Rg6+ 92. Kf2 Rg4 93. Rb1 h3 94. Rb5+ Kg6 95. Rb8 Rg5 96. Rb1 h2 97. Rh1 Rh5 98. Kg2 Kg5 99. Kf3 Rh3+ 100. Ke4 Kg4 101. Kd5 Kf3 102. Rf1+ Kg2 103. Rxf4 h1=Q 104. Rd4 Kf2+ 105. Kc5 Rh5+ 106. Kd6 Qa1 107. Rd2+ Ke3 108. Rc2 Qe5+ 109. Kc6 Qb5+ 110. Kd6 Rh7 111. Rh2 Qe5+ 112. Kc6 Rc7+ 113. Kb6 Qc5+ 114. Ka6 Ra7#) 85. Kg1 Rh5 86. Rf8 Rg5+ {Schwarz setzt Matt.} 87. Kf1 Rg6 88. Ra8 h5 {[%cal Bh6h5,Bh5h4,Bh4h3][%mdl 32]} 89. Ra3+ Kg4 90. Kg2 h4 91. Rb3 f4 92. Ra3 f5 93. Rb3 Rc6 94. Ra3 Rc2+ 95. Kg1 h3 96. Ra8 Kg3 {[%cal Rc2c1]} 97. Rg8+ Kf3 98. Kh1 Ke3 99. Re8+ Kf2 100. Rf8 f3 {[%cal Bf4f3,Bf3f2][%mdl 32]} 101. Rxf5 Ke2 102. Re5+ Kf1 103. Ra5 f2 104. Re5 Re2 105. Ra5 Ke1 {[%cal Rf2f1]} 106. Ra1+ Kd2 107. Ra2+ Kd3 {[%cal Rf2f1]} 108. Ra3+ Kc4 {Precision: Weiß = 42%, Schwarz = 67%.} 0-1

[Event "Maria Albulet Memorial 2017"]
[Site "Braila"]
[Date "2017.10.09"]
[Round "3"]
[White "Nastase, Andreea-Cristina"]
[Black "Cosman, Andreea-Marioara"]
[Result "1/2-1/2"]
[WhiteElo "1989"]
[BlackElo "2125"]
[Annotator "NA"]
[PlyCount "92"]
[EventDate "2017.??.??"]
[EventCountry "ROU"]
[SourceTitle "playchess.com"]
[Source "ChessBase"]
[SourceQuality "1"]
[TimeControl "40/5400+30:900+30"]

1. d4 {[%emt 0:00:00]} Nf6 {[%emt 0:00:09]} 2. f3 {[%emt 0:00:00]} c5 {[%emt 0:00:42]} 3. d5 {[%emt 0:04:33]} e6 {[%emt 0:04:35]} 4. Nc3 {[%emt 0:05:18]} exd5 {[%emt 0:00:22]} 5. Nxd5 {[%emt 0:00:09]} Nxd5 {[%emt 0:00:05]} 6. Qxd5 {[%emt 0:00:05]} d6 {[%emt 0:00:05]} 7. Bg5 {[%emt 0:01:18]} Qb6 {[%emt 0:02:11]} 8. Qb3 {[%emt 0:05:29]} Qa5+ {[%emt 0:04:14]} 9. Bd2 {[%emt 0:03:03]} Qc7 {[%emt 0:00:07]} 10. e4 $14 {[%emt 0:00:34]} Nc6 {[%emt 0:00:21]} 11. Bc4 {[%emt 0:02:50]} a6 {[%emt 0:13:51]} 12. a4 {[%emt 0:02:17]} Nd4 {[%emt 0:04:56]} 13. Qd3 {[%emt 0:00:13]} Bd7 {[%emt 0:01:13]} 14. c3 {[%emt 0:04:10]} Nc6 {[%emt 0:00:23]} 15. Bf4 {[%emt 0:04:11]} Na5 {[%emt 0:06:56]} 16. Bd5 {[%emt 0:01:13]} c4 {[%emt 0:02:10]} 17. Qe2 {[%emt 0:00:11]} Be7 {[%emt 0:01:26]} 18. Nh3 {[%emt 0:07:23]} O-O {[%emt 0:01:40]} 19. Nf2 {[%emt 0:00:20]} Rab8 {[%emt 0:06:16]} 20. O-O {[%emt 0:00:47]} Nb3 {[%emt 0:06:02]} 21. Rad1 {[%emt 0:04:29]} Bxa4 {[%emt 0:03:10]} 22. e5 {[%emt 0:05:08]} Rbd8 {[%emt 0:00:56]} 23. exd6 {[%emt 0:02:47]} Bxd6 {[%emt 0:01:38]} 24. Bxd6 {[%emt 0:00:05]} Rxd6 {[%emt 0:00:36]} 25. Ne4 {[%emt 0:02:51]} Rh6 {[%emt 0:06:51]} 26. f4 {[%emt 0:01:35]} Nc5 {[%emt 0:04:38]} 27. Rd4 {[%emt 0:01:43]} Bb5 {[%emt 0:19:17]} 28. Nxc5 {[%emt 0:04:34]} Qxc5 {[%emt 0:00:05]} 29. Bxc4 {[%emt 0:00:23]} Bc6 {[%emt 0:00:56]} 30. b4 {[%emt 0:01:02]} Qb6 {[%emt 0:02:37]} 31. Kh1 {[%emt 0:00:13]} Rg6 {[%emt 0:00:28]} 32. Bd5 {[%emt 0:00:12]} Bb5 {[%emt 0:01:27]} 33. Bc4 {[%emt 0:00:27]} Bc6 {[%emt 0:00:06]} 34. Bd5 {[%emt 0:00:03]} Bb5 {[%emt 0:00:07]} 35. Bc4 {[%emt 0:00:06]} Re8 {[%emt 0:02:40]} 36. Qa2 {[%emt 0:09:02]} Bxc4 {[%emt 0:01:41]} 37. Qxc4 {[%emt 0:00:06]} Rc6 {[%emt 0:00:40]} 38. Qb3 {[%emt 0:01:31]} Qc7 {[%emt 0:01:18]} 39. c4 {[%emt 0:01:15]} Rce6 {[%emt 0:00:27]} 40. h3 {[%emt 0:00:00]} Qc6 {[%emt 0:01:43]} 41. Qf3 {[%emt 0:03:46]} Qb6 {[%emt 0:01:30]} 42. c5 {[%emt 0:00:26]} Qb5 {[%emt 0:00:08]} 43. f5 {[%emt 0:02:10]} Re3 {[%emt 0:01:57]} 44. Qd1 {[%emt 0:01:38]} Qc6 {[%emt 0:02:41]} 45. Qg4 {[%emt 0:04:21]} Qf6 {[%emt 0:01:11]} 46. Rd6 {[%emt 0:01:37]} Qe5 {[%emt 0:03:30]} 1/2-1/2